000 00575nam a22001457a 4500
020 _a978-81-7223-8
082 _a823
_bSHE/B
100 _aSHELDON,SIDEY
245 _aTHE BEST LAID PLANS
260 _aLONDON
_bHARPPER COLLINS
300 _a343
520 _aThe Best Laid Plans is a 1997 novel by Sidney Sheldon. The story details the rise of a handsome, charismatic attorney named Oliver Russel, to political fame, while his jilted fiancée, Leslie Stewart, grows a media empire to eventually destroy his career and image.
650 _aENGLISH NOVEL
_zLONDON
942 _cBK
999 _c3456
_d3456